| 000 | 00512nam a2200169 i 4500 | ||
|---|---|---|---|
| 001 | 99855 | ||
| 003 | ES-MaACL | ||
| 005 | 20230906182550.0 | ||
| 007 | t| | ||
| 008 | 050919s1972 sp ||||1| spa d | ||
| 100 | 1 |
_aMartínez-Mena, Alfonso. _978225 |
|
| 245 | 1 | 3 |
_aEl címbalo estruendoso _b: Premio de novela corta Ciudad de Barbastro 1972 / _cAlfonso Martínez-Mena. |
| 250 | _a[1ª ed.]. | ||
| 260 |
_aBarcelona : _bBruguera, _c1972. |
||
| 300 |
_a217 p. ; _c19 cm. |
||
| 852 |
_aES-MaACL _jC-43633 _bR.83261 |
||
| 999 |
_c99855 _d99855 |
||